Limitácie sťažujú prácu i výučbový proces Košická Klinika detí a dorastu oslávila 20. výročie založenia

Bibliographic Details
Main Author: (jps) (Author)
Corporate Author: Univerzita Pavla Jozefa Šafárika v Košiciach (Author)
Format: Article
Language:Slovak
Subjects:

MARC

LEADER 00000nab a2200000 a 4500
001 vtls000927961
003 SK-MaSNL
005 20260303205547.0
008 140303e20020000xo 0 slo
035 |a KE36838 
040 |a KEVKJB  |b slo  |c KEVKJB  |e AACR2 
041 0 |a slo 
044 |a xo  |c SK 
080 |a 362.11/.12  |2 1981 
080 |a 61  |2 1981 
080 |a 378.4  |2 1981 
100 0 |a (jps)  |4 aut  |9 839585 
245 1 0 |a Limitácie sťažujú prácu i výučbový proces  |b Košická Klinika detí a dorastu oslávila 20. výročie založenia 
610 2 7 |a Univerzita Pavla Jozefa Šafárika v Košiciach.  |b Lekárska fakulta.  |b Klinika detí a dorastu  |2 KEVKJB  |9 108648 
650 0 7 |a medicína  |2 KEVKJB  |9 899 
650 0 7 |a založenie  |2 KEVKJB  |9 431500 
650 0 7 |a výročie 20.  |2 KEVKJB  |9 873398 
650 0 7 |a služby  |2 KEVKJB  |9 2356 
710 2 |a Univerzita Pavla Jozefa Šafárika v Košiciach  |4 aut  |9 166726 
773 0 8 |t Zdravotnícke noviny  |g Roč. 7, č.28 (2002), s. 5 
852 |a ZVYKNI  |b KIS3GCP 
999 |c 2195964  |d 2197894